[Event "Budapest FS12 IM"]
[Site "Budapest"]
[Date "2023.12.04"]
[Round "3"]
[White "Ojas, Kulkarni"]
[Black "Balint, Vilmos"]
[Result "1-0"]
[WhiteElo "2248"]
[BlackElo "2223"]
[PlyCount "95"]
[EventDate "2023.12.02"]
[EventType "tourn"]
[EventRounds "9"]
[EventCountry "HUN"]
[SourceTitle "CB51_2023"]
[SourceDate "2023.12.20"]
[SourceVersion "1"]
[SourceVersionDate "2023.12.20"]
[SourceQuality "1"]

1. c4 f5 2. g3 Nf6 3. Bg2 g6 4. Nc3 Bg7 5. d3 0-0 6. e4 fxe4 7. dxe4 Nc6 8. Nge2 d6 9. 0-0 e5 10. b3 Be6 11. f3 Nd4 12. Nxd4 exd4 13. Qxd4 Nd5 14. Qxg7+ Kxg7 15. cxd5 Bd7 16. Bb2 Kg8 17. f4 a5 18. e5 Bf5 19. Kh1 b5 20. Nxb5 Bd3 21. Nd4 Bxf1 22. Rxf1 Qb8 23. e6 a4 24. Nc6 Qe8 25. b4 a3 26. Bc3 Ra6 27. Nd4 h5 28. Be4 Rb6 29. f5 Rf6 30. Kg2 c5 31. dxc6 gxf5 32. Bd5 Kh7 33. Nf3 Rg6 34. Nd4 Rg4 35. Rxf5 Rxb4 36. Rf7+ Kg6 37. Nf5 Rb2+ 38. Kf3 Rxh2 39. Ne7+ Kh6 40. Bg7+ Rxg7 41. Nf5+ Kg6 42. Nxg7 Qa8 43. Be4+ Kh6 44. e7 Qa5 45. Nf5+ Kg6 46. Rg7+ Kf6 47. e8N+ Ke6 48. Re7# 1-0

[Event "Budapest SixDays 11 IM"]
[Site "Budapest"]
[Date "2023.11.29"]
[Round "5"]
[White "Ojas, Kulkarni"]
[Black "Fule, Simon"]
[Result "1/2-1/2"]
[WhiteElo "2248"]
[BlackElo "2245"]
[PlyCount "117"]
[EventDate "2023.11.27"]
[EventType "tourn"]
[EventRounds "9"]
[EventCountry "HUN"]
[SourceTitle "CB49_2023"]
[SourceDate "2023.12.06"]
[SourceVersion "1"]
[SourceVersionDate "2023.12.06"]
[SourceQuality "1"]

1. e4 e5 2. Nf3 Nc6 3. Bb5 a6 4. Ba4 Nf6 5. 0-0 Be7 6. Re1 b5 7. Bb3 0-0 8. a4 b4 9. d4 d6 10. dxe5 Nxe5 11. Nxe5 dxe5 12. Qe2 a5 13. Rd1 Ba6 14. Qf3 Bd6 15. Bg5 h6 16. Bxf6 Qxf6 17. Qxf6 gxf6 18. Nd2 Bc5 19. Bc4 Bb7 20. Nb3 Bb6 21. Bd5 c6 22. Bc4 Rfd8 23. Kf1 Kf8 24. Ke2 Ke7 25. Rd3 Rxd3 26. cxd3 Rg8 27. g3 Bc8 28. Rc1 f5 29. Nd2 fxe4 30. dxe4 Rd8 31. f3 Rd6 32. Bd3 Be6 33. Nc4 Bxc4 34. Bxc4 Bd4 35. b3 Bc3 36. Rd1 Bd4 37. Rf1 Bc3 38. Rd1 Bd4 39. f4 f6 40. Kf3 exf4 41. gxf4 Bc5 42. Rxd6 Kxd6 43. Kg4 Bg1 44. h4 Bf2 45. h5 Bg1 46. Kf5 Bh2 47. Kg4 Kc5 48. Kf5 Kd6 49. Bg8 Bg3 50. Kg4 Bh2 51. Kf3 Bg1 52. Bf7 Bh2 53. Be8 Bg1 54. Kg3 Be3 55. Bf7 Bg1 56. Bc4 Be3 57. Kf3 Bg1 58. e5+ fxe5 59. fxe5+ 1/2-1/2

[Event "Budapest Vezerkepzo Pentecost IM1"]
[Site "Budapest"]
[Date "2023.05.23"]
[Round "6"]
[White "Konyves, Almos"]
[Black "Ojas, Kulkarni"]
[Result "1/2-1/2"]
[WhiteElo "2283"]
[BlackElo "2230"]
[PlyCount "73"]
[EventDate "2023.05.18"]
[EventType "tourn"]
[EventRounds "9"]
[EventCountry "HUN"]
[SourceTitle "CBM 214 Extra"]
[Source "ChessBase"]
[SourceDate "2023.07.31"]
[SourceVersion "1"]
[SourceVersionDate "2023.07.31"]
[SourceQuality "1"]

1. d4 Nf6 2. c4 e6 3. Nc3 Bb4 4. e3 b6 5. Nge2 c5 6. a3 Ba5 7. Rb1 Na6 8. g3 Bb7 9. d5 b5 10. Bg2 bxc4 11. 0-0 0-0 12. e4 exd5 13. exd5 d6 14. Qa4 Bxc3 15. Nxc3 Nc7 16. Rd1 Ba6 17. Bg5 h6 18. Bxf6 Qxf6 19. Qc6 Qd8 20. Ne4 f5 21. Nxd6 Rf6 22. Nf7 Kxf7 23. d6 Rc8 24. dxc7 Qe7 25. Qf3 Qxc7 26. Rd5 Bb7 27. Qh5+ Kg8 28. Rxf5 Rxf5 29. Qxf5 Bxg2 30. Qe6+ Kh8 31. Kxg2 Qb7+ 32. Kg1 c3 33. Qe5 c2 34. Rc1 Rd8 35. Qe2 Qxb2 36. Qxc2 Qxa3 37. Kg2 1/2-1/2

[Event "Lorca Christmas op"]
[Site "Lorca"]
[Date "2022.12.27"]
[Round "3"]
[White "Nigmatov, Ortik"]
[Black "Ojas, Kulkarni"]
[Result "1-0"]
[WhiteElo "2433"]
[BlackElo "2233"]
[PlyCount "139"]
[EventDate "2022.12.26"]
[EventType "swiss"]
[EventRounds "9"]
[EventCountry "ESP"]
[SourceTitle "CBM 211 Extra"]
[Source "ChessBase"]
[SourceDate "2023.01.31"]
[SourceVersion "1"]
[SourceVersionDate "2023.01.31"]
[SourceQuality "1"]

1. e4 c5 2. Nf3 e6 3. d4 cxd4 4. Nxd4 Nf6 5. Nc3 Nc6 6. Nxc6 bxc6 7. Bd3 d5 8. 0-0 Be7 9. Qe2 0-0 10. b3 Nd7 11. Bb2 Nc5 12. Rfe1 a5 13. Rad1 Re8 14. Qh5 g6 15. Qf3 Bf6 16. e5 Be7 17. Bf1 Ba6 18. Bxa6 Rxa6 19. a4 Ra8 20. Bc1 Rb8 21. g3 h5 22. Kg2 Nd7 23. h4 Bf8 24. Bf4 Bg7 25. Na2 Rc8 26. Qe2 f6 27. exf6 Qxf6 28. Bg5 Qf5 29. Nc1 e5 30. f3 e4 31. fxe4 Rxe4 32. Qf3 Qxf3+ 33. Kxf3 Rce8 34. Rxe4 Rxe4 35. Bd2 Ne5+ 36. Kg2 Ng4 37. Re1 Rxe1 38. Bxe1 Ne3+ 39. Kf2 Bd4 40. Ke2 Nf5 41. Bxa5 Nxg3+ 42. Kd3 Ba7 43. Ne2 Ne4 44. Nf4 Nc5+ 45. Ke2 Kf7 46. Bd8 Bb8 47. Nd3 Nxd3 48. cxd3 Ke8 49. Bb6 Bg3 50. Bf2 Be5 51. Kf3 Kd7 52. Bg3 Bf6 53. a5 Kc8 54. a6 Be7 55. Ke3 Bc5+ 56. Kd2 Bd4 57. Ke2 Bg7 58. Ke3 Bf6 59. b4 Bg7 60. Kd2 Bf6 61. Kc2 g5 62. hxg5 Bxg5 63. Kb3 h4 64. Be5 Bd8 65. Ka4 Bc7 66. a7 Kb7 67. Bxc7 Kxa7 68. Ka5 Kb7 69. Bh2 Ka7 70. d4 1-0

[Event "Lorca Christmas op"]
[Site "Lorca"]
[Date "2022.12.27"]
[Round "2"]
[White "Ojas, Kulkarni"]
[Black "Ajay, Karthikeyan"]
[Result "1/2-1/2"]
[WhiteElo "2233"]
[BlackElo "2441"]
[PlyCount "68"]
[EventDate "2022.12.26"]
[EventType "swiss"]
[EventRounds "9"]
[EventCountry "ESP"]
[SourceTitle "CBM 211 Extra"]
[Source "ChessBase"]
[SourceDate "2023.01.31"]
[SourceVersion "1"]
[SourceVersionDate "2023.01.31"]
[SourceQuality "1"]

1. e4 g6 2. c4 c5 3. Nc3 Bg7 4. Nge2 Nc6 5. d3 d6 6. g3 Nf6 7. Bg2 0-0 8. 0-0 a6 9. a4 Rb8 10. h3 Ne8 11. Be3 Nc7 12. d4 cxd4 13. Nxd4 Ne6 14. Nde2 Nc5 15. Rb1 Be6 16. b4 Nd7 17. Nd5 a5 18. b5 Nce5 19. Bd4 Rc8 20. Rc1 Bh6 21. Nef4 Nxc4 22. Nxe6 fxe6 23. Nf4 Bxf4 24. gxf4 e5 25. fxe5 dxe5 26. Qb3 Qc7 27. Ba1 e6 28. Rc2 Ndb6 29. Qg3 Qd6 30. Rfc1 Rc5 31. Bf1 Rfc8 32. Qg5 Kf7 33. Qh6 Kg8 34. Qg5 Kf7 1/2-1/2

[Event "Benidorm op-A"]
[Site "Benidorm"]
[Date "2022.12.06"]
[Round "4"]
[White "Ajay, Karthikeyan"]
[Black "Ojas, Kulkarni"]
[Result "1-0"]
[WhiteElo "2430"]
[BlackElo "2196"]
[PlyCount "63"]
[EventDate "2022.12.03"]
[EventType "swiss"]
[EventRounds "9"]
[EventCountry "ESP"]
[SourceTitle "CBM 211 Extra"]
[Source "ChessBase"]
[SourceDate "2023.01.31"]
[SourceVersion "1"]
[SourceVersionDate "2023.01.31"]
[SourceQuality "1"]

1. e4 Nf6 2. e5 Nd5 3. d4 d6 4. c4 Nb6 5. f4 dxe5 6. fxe5 Nc6 7. Be3 Bf5 8. Nc3 e6 9. Nf3 Be7 10. Be2 0-0 11. 0-0 f6 12. exf6 Bxf6 13. Qd2 Bg4 14. Rad1 Qe7 15. Ne4 Rad8 16. Nxf6+ gxf6 17. Qe1 Kh8 18. h3 Bh5 19. Qh4 Bg6 20. b3 Nc8 21. Bh6 Rf7 22. c5 Qd7 23. Bb5 Kg8 24. Nh2 N8e7 25. Ng4 Nf5 26. Rxf5 Bxf5 27. Nxf6+ Rxf6 28. Qxf6 Re8 29. d5 exd5 30. Bxc6 bxc6 31. Rf1 Qf7 32. Rxf5 1-0

[Event "SRB Central-ch"]
[Site "Pirot"]
[Date "2022.11.20"]
[Round "5"]
[White "Ojas, Kulkarni"]
[Black "Todev, Simeon"]
[Result "1/2-1/2"]
[WhiteElo "2233"]
[BlackElo "2038"]
[PlyCount "52"]
[EventDate "2022.11.16"]
[EventType "swiss"]
[EventRounds "9"]
[EventCountry "SRB"]
[SourceTitle "CBM 211 Extra"]
[Source "ChessBase"]
[SourceDate "2023.01.31"]
[SourceVersion "1"]
[SourceVersionDate "2023.01.31"]
[SourceQuality "1"]

1. e4 c5 2. Nf3 Nc6 3. d4 cxd4 4. Nxd4 g6 5. Nc3 Bg7 6. Nb3 Nf6 7. Be2 0-0 8. 0-0 d6 9. Bg5 a6 10. Re1 b5 11. Bf1 Bb7 12. Nd5 Re8 13. Bxf6 Bxf6 14. Nxf6+ exf6 15. Qd2 Qc7 16. a4 b4 17. a5 Rad8 18. Bc4 Ne5 19. Bd5 Bxd5 20. exd5 Qb7 21. Re4 Rb8 22. Ra4 Qc7 23. h3 Nc4 24. Rxe8+ Rxe8 25. Qd4 Ne5 26. Qd2 Nc4 1/2-1/2